El presupuesto de bienes de capital (Registro nro. 1845)

Detalles MARC
000 -LEADER
fixed length control field 01849 a2200205 4500
001 - CONTROL NUMBER
control field 29301
005 - DATE AND TIME OF LATEST TRANSACTION
control field 20260407155602.0
008 - FIXED-LENGTH DATA ELEMENTS--GENERAL INFORMATION
fixed length control field 260407a1977 arg spa d
003 - CONTROL NUMBER IDENTIFIER
control field AR-UNSa-BCEJYS
040 ## - CATALOGING SOURCE
Original cataloging agency AR-UNSa-BCEJYS
Language of cataloging spa
Transcribing agency AR-UNSa-BCEJYS
080 ## - UNIVERSAL DECIMAL CLASSIFICATION NUMBER
Universal Decimal Classification number 658.14
Common auxiliary subdivision Financiación. Financiación de las empresas. Obtención de capital
100 1# - MAIN ENTRY--PERSONAL NAME
Personal name Bierman, Harold
245 10 - TITLE STATEMENT
Title El presupuesto de bienes de capital
Name of part/section of a work la toma de decisiones
264 #1 - PRODUCTION, PUBLICATION, DISTRIBUTION, MANUFACTURE, AND COPYRIGHT NOTICE
Place of production, publication, distribution, manufacture México :
Name of producer, publisher, distributor, manufacturer Fondo de Cultura Económica
Date of production, publication, distribution, manufacture, or copyright notice 1977
300 ## - PHYSICAL DESCRIPTION
Extent 462 p.
Dimensions 24 cm.
505 ## - FORMATTED CONTENTS NOTE
Formatted contents note 1. El problema de la administracón de capital - 2. Ilustración de la medidas del valor de la inversión - 3. El valor presente y la tasa de rendimiento - 4. El significado del valor presente - 5. Clasificación de la inversiones - 6. El uso de los flujos de efectivo en la evaluación de las inversiones - 7. Impuesto al ingreso de las empresas y decisiones de inversión - 8. La administración del capital bajo racionamiento - Parte II: 9. Introducción a la incertidumbre - 10. Introducción al análisis de cartera - 11. El modelo de precios de los activos de capital - 12. Aplicación del modelo de precios de los activos de capital a inversones de varios periodos - 13. La incertidumbre y los inversionistas no diversificados - 14. Comprar o rentar - 15. Los conceptos contables compatibles con los cálculos el valor presente - 16. La administración de capital y la inflación - 17. La cronología de la inversión - 18. Evaluación de la propuesta de inversión privada: Un punto de vista de la economía nacional - Parte IV: 20. El empleo de las carteras de inversión para cambiar los riesgos - 21. Modelos para el análisis de cartera - 22. Racionamiento del capital: Un enfoque de programación.
590 ## - LOCAL NOTE (RLIN)
Local note niveau_biblio:m niveau_hierar:0
700 1# - ADDED ENTRY--PERSONAL NAME
Personal name Smidt, Seymour
942 ## - ADDED ENTRY ELEMENTS (KOHA)
Koha item type
Existencias
Withdrawn status Lost status Damaged status Not for loan Home library Current library Shelving location Date acquired Total checkouts Full call number Barcode Date last seen Price effective from Koha item type
        Biblioteca Prof. Eusebio Cleto del Rey Biblioteca Prof. Eusebio Cleto del Rey   07/04/2026   658.14 B586 L53386 07/04/2026 07/04/2026 Libro